000 01317pam a2200385 a 4500
001 data
005 20260322212103.0
008 data
035 _a1895945
906 _a7
_bcbc
_corignew
_d1
_eocip
_f19
_gy-gencatlg
010 _a 84009619
020 _a0443015651 (pbk.) :
_c£18.00
020 _a9780443015656
035 _9(DLC) 84009619
040 _aDNLM/DLC
_cDLC
_dDLC
050 1 0 _aRD31
_b.P85 1985
060 _aWO 100 P9565
082 0 0 _a617
_219
245 0 0 _aPrinciples and practice of surgery :
_ba surgical supplement to Davidson's Principles and practice of medicine /
_c[edited by] A.P.M. Forrest, D.C. Carter, I.B. Macleod.
260 _aNew York :
_aNew York :
_bChurchill Livingstone,
_c1985.
300 _aix, 672 p. :
_bill. ;
_c25 cm.
336 _atext
_btxt
_2rdacontent
337 _aunmediated
_bn
_2rdamedia
338 _avolume
_bnc
_2rdacarrier
500 _aIncludes index.
650 0 _aSurgery.
650 0 _aSurgery, Operative.
650 2 _aSurgery.
650 2 _aSurgery, Operative.
700 1 _aForrest, A. P. M.
700 1 _aCarter, David C.
_q(David Craig)
700 1 _aMacleod, I. B.
_q(Ian Buchanan)
700 1 _aDavidson, Stanley,
_cSir,
_d1894-1981.
_tPrinciples and practice of medicine.
999 _c1493
_d1493